|
|
|
|
| LEADER |
00000nam0a2200000 4500 |
| 001 |
142368 |
| 005 |
20231031142728.0 |
| 010 |
|
|
|a 5217002555
|
| 020 |
|
|
|a RU
|b 88-33402
|
| 035 |
|
|
|a (RuTPU)RU\TPU\book\154282
|
| 090 |
|
|
|a 142368
|
| 100 |
|
|
|a 20080904d1988 m a0rusy5003 ca
|
| 101 |
0 |
|
|a rus
|
| 102 |
|
|
|a RU
|
| 105 |
|
|
|a a z 001zy
|
| 200 |
1 |
|
|a Обработка глубоких отверстий
|f под ред. Н. Ф. Уткина
|
| 210 |
|
|
|a Ленинград
|c Машиностроение
|d 1988
|
| 215 |
|
|
|a 269 с.
|c ил.
|
| 320 |
|
|
|a Библиогр.: с. 264-266.
|
| 610 |
1 |
|
|a отверстия
|
| 610 |
1 |
|
|a обработка
|
| 610 |
1 |
|
|a сверление
|
| 610 |
1 |
|
|a растачивание
|
| 675 |
|
|
|a 621.95
|v 3
|
| 702 |
|
1 |
|a Уткин
|b Н. Ф.
|g Николай Федорович
|4 340
|
| 801 |
|
0 |
|a RU
|b RuMRKP
|c 19950417
|g psbo
|
| 801 |
|
1 |
|a RU
|b 63413507
|c 20080904
|g PSBO
|
| 801 |
|
2 |
|a RU
|b 63413507
|c 20091211
|g PSBO
|
| 942 |
|
|
|c BK
|